000 00744nam a22002657a 4500
001 BR8108102
003 BR-BrBNA
005 20230928091135.0
007 ta
008 230509b bl.||||| |||| 00| 0 por d
040 _aBR-BrBNA
_bpor
_cBiblioteca Nacional de Agricultura
041 _a(Por)
072 _aQ10; H70
_b/G514
090 _ Q10 BR8108102
110 1 _aCompanhia Brasileira de Armazenamento, Brasilia, DF (Brasil)
_92307
245 1 _aManual de armazenagem. v. 1 Armazenagem de sacas [Brasil]
260 3 _aBrasilia, DF (Brasil):
_c1981.
300 _a48 p.
650 _aARMAZEM
650 _aSACARIA
650 _aSECAGEM
650 _aPRESERVACAO DE ALIMENTO
909 _a202309
_bLucia
_c55
_dLucia Elande
942 _cBK
999 _c32436
_d32436